Polish players in Premier League - Statistics

General Stats
  • This quiz has been taken 80 times
  • The average score is 11 of 22
Answer Stats
Zawodnik Liczba występów % Correct
Wojciech Szczesny 132
92%
Lukasz Fabianski 352
88%
Jan Bednarek 154
81%
Matty Cash 100
72%
Jerzy Dudek 127
69%
Jakub Moder 40
64%
Jakub Kiwior 9
63%
Artur Boruc 128
61%
Kamil Grosicki 18
61%
Grzegorz Rasiak 15
56%
Mateusz Klich 82
53%
Tomasz Kuszczak 63
51%
Marcin Wasilewski 30
48%
Ebi Smolarek 12
41%
Grzegorz Krychowiak 27
40%
Przemyslaw Placheta 12
32%
Robert Warzycha 27
31%
Emanuel Olisadebe 2
29%
Jaroslaw Fojut 1
13%
Piotr Swierczewski 1
13%
Dariusz Kubicki 31
11%
Detsi Kruszynski 2
7%
No matching quizzes found
Score Distribution
Percent of People with Each Score
Percentile by Number Answered
Your Score History
You have not taken this quiz